Los nuevos esclavos digitales del siglo XXI y la superacin̤ del hombre p̤timo ¿hacia un nuevo derecho robt̤ico? /

Bibliographic Details
Main Author: LLed ̤Yagüe, Francisco
Format: eBook
Language:Spanish
Published: Madrid: Dykinson, 2022
Subjects:
Online Access:Acceso restringido

MARC

LEADER 00000nam a22000007a 4500
005 20220913020810.0
007 cr|||| ||||
008 220913s2022 es |||||s|||| 00||0 spa d
020 |a 978-84-1122-246-4 
035 |a 37076 
040 |a vLex 
090 |c 13890  |d 13890 
100 1 |a LLed ̤Yagüe, Francisco 
245 1 3 |a Los nuevos esclavos digitales del siglo XXI y la superacin̤ del hombre p̤timo  |h [Recurso electrn̤ico] :  |b ¿hacia un nuevo derecho robt̤ico? /  |c Francisco LLed ̤Yagüe 
256 |a Servicio en ln̕ea 
260 |a Madrid:  |b Dykinson,  |c 2022 
300 |a 1 recurso electrn̤ico 
500 |a Nos encontramos con un estudio monogrf̀ico sobre la funcin̤, operatividad y futuro de la denominada robt̤ica inteligente, de un experto y competente jurista que, con un lenguaje didc̀tico, claro y atrayente sabe despertar en el lector los interrogantes y reflexiones ms̀ crt̕icas en el debate de la capacidad de autodeterminacin̤ y singularidad tecnolg̤ica de los robots inteligentes, que en un futuro cercano (para el autor, una quimera o distopia), superar ̀la mente humana. El autor maneja con brillantez y competencia, el debate jurd̕ico y ťico-filosf̤ico del impacto de esta denominada “revolucin̤ digital” en las diferentes relaciones sociales y econm̤icas, ofreciendo respuestas solventes y formativamente t︢iles para el lector interesado en el conocimiento de conceptos, que explica con la lucidez del experto y dominio de la materia, como el mito de la singularidad tecnolg̤ica o la creatividad autn̤oma de los robots inteligentes que nunca superarǹ la mente humana, ya que como acertadamente explica el autor nunca serǹ capaces de obtener la autodeterminacin̤, conciencia y libertad que solo pueden ser atributos del ser humano. Y el futuro de la Robt̤ica y de la Inteligencia Artificial debe estar siempre al servicio del ser humano, y no justo al revš. La monografa̕ es un estudio sugerente y seductivo de la realidad distp̤ica que comporta el papel de los robots inteligentes en una sociedad deshumanizada y superada por la creatividad computacional. 
506 1 |a Disponible solo en los productos indicados  |d vLex Global  |d vLex Global (Academic Edition, excluding Law Schools)  |d vLex Global (U.S. Academic Edition, Law Schools)  |d vLex Global (U.S. Academic Edition, excluding Law Schools)  |d vLex Global (Academic Edition, Law Schools) 
650 0 4 |a Derecho Civil  |z Espaą 
650 0 4 |a Derecho de las Nuevas Tecnologa̕s  |z Espaą 
740 0 |a vLex Libros (Servicio en ln̕ea) 
856 4 0 |u https://app.vlex.com/#/sources/37076  |z Acceso restringido 
942 |c BOOK 
999 0 |a Civil Law 
999 0 |a Law of New Technologies